[Event "Portugal Open 2019"]
[Site "Lisbon"]
[Date "2019.02.08"]
[Round "8.13"]
[White "Shailesh, Dravid"]
[Black "Terrieux, Kevin"]
[Result "1-0"]
[WhiteElo "2324"]
[BlackElo "2459"]
[Annotator "TA"]
[PlyCount "114"]
[EventDate "2019.01.25"]
[EventType "swiss"]
[EventCountry "POR"]
[SourceTitle "playchess.com"]
[Source "ChessBase"]
[SourceQuality "1"]

{[%evp 15,114,38,27,33,71,71,125,111,104,68,82,69,52,71,79,72,67,50,81,97,115,106,162,152,135,137,137,138,149,156,150,38,39,38,42,16,24,0,0,-34,24,24,13,0,0,0,0,0,0,-18,-17,-12,0,0,0,0,0,0,0,17,0,0,0,-113,137,134,656,643,739,718,643,439,447,433,404,268,285,244,272,0,252,250,268,252,249,0,698,789,506,501,480,235,122,0,0,0,0,-2074,-2014,-4931,-4681]} 1. e4 c5 2. Nf3 a6 3. Nc3 b5 4. d4 cxd4 5. Nxd4 Bb7 6. Bd3 e6 7. O-O Nc6 8. Nxc6 Bxc6 9. Re1 {B43: Sicilian: Kan Variation: 5 Nc3} d6 10. a4 b4 (10... bxa4 $142 11. Qe2 Nf6) 11. Nd5 $1 $16 {White is better.} a5 12. Qh5 $146 ({Predecessor:} 12. c3 bxc3 13. Qb3 Ne7 14. Nxe7 Bxe7 15. Qxc3 Rc8 16. Qxg7 Bf6 {1-0 (36) Perunovic,M (2624)-Stanojoski,Z (2437) Skopje 2015}) 12... Be7 13. Nxe7 Nxe7 14. e5 d5 15. Bg5 Qd7 16. b3 d4 17. Rad1 Qb7 18. Qg4 O-O-O (18... h6 $16 {was called for.}) 19. Ba6 $18 {[%mdl 64] Deflection} Qxa6 20. Bxe7 h5 21. Qf4 Rd5 22. Rxd4 ({Much weaker is} 22. Qxf7 $6 Rd7 $11) 22... Qb7 23. Rxd5 (23. Rc4 $16) 23... Bxd5 $14 24. Qg5 Kb8 $1 25. Bd6+ Ka8 26. Qxg7 Rc8 27. Qg5 Be4 (27... Qc6 $15) 28. h4 Bxc2 29. Re3 Bg6 30. Kh2 Qd5 31. Qe7 Qd4 32. Bc7 Qa7 $1 33. Bd6 Qd4 34. Rf3 $40 {[%mdl 128] White attacks.} Qa7 35. Qg5 Qd4 36. Rf4 Qd5 $1 37. Qe7 {Hoping for Bc7.} Qb7 $1 38. Qf6 Qd5 39. f3 (39. Rf3 $11 {keeps the balance.}) 39... Kb7 $2 (39... Qxb3 $17 {and life is bright. And now ...Qc3 would win.} 40. Bc5 Qd5) 40. Qe7+ $16 Ka8 $2 {[%mdl 8192]} (40... Kb6 $16 41. Kh3 Bf5+ 42. Rxf5 exf5) 41. Bc7 $18 Bd3 42. Rxf7 {Threatening mate with Bd6.} Ba6 43. Bd6 {[%csl Gf7][%cal Re7a7]} Bb7 44. Rg7 Ka7 45. Qd7 {White threatens Qxc8 and mate.} Rc2 46. Qd8 {Black must now prevent Bb8+.} Ka6 {[#] aiming for ...Qxf3.} 47. Qd7 $2 ({White has to play} 47. Qe8 $1 $18) 47... Rc3 $2 {[%mdl 8192]} (47... Ka7 $1 $11 {and Black has nothing to worry.}) 48. Re7 Rc2 {( -> ...Rxg2+!)} 49. Rf7 Ka7 50. Rf6 $2 (50. Kh3 $18) 50... Re2 $2 {[%mdl 8192]} (50... Qxb3 $11 51. Qb5 (51. Qxe6 Qxe6 52. Rxe6 b3 $17) 51... Qd5) 51. Qc7 {Intending Bc5+ and mate.} Ka6 52. Rf7 Re3 53. Kh3 (53. Qc5 $142 Rxe5 54. Qc7) 53... Rc3 {[#]} 54. Qe7 ({And not} 54. Qb8 Rc8 $17) (54. Qd7 $1 $16) 54... Rxb3 $11 55. Rf6 {White wants to mate with Bc5.} Rc3 56. Qxe6 $2 {[%mdl 8192]} (56. Rf8 $11) 56... Qxe6+ $19 57. Rxe6 Bc8 {[%mdl 32768] Accuracy: White = 44%, Black = 45%. . Loss on time!?} 1-0

[Event "Portugal Open 2019"]
[Site "Lisbon"]
[Date "2019.02.08"]
[Round "8.14"]
[White "Butkiewicz, Lukasz"]
[Black "Chylewski, Patryk"]
[Result "1/2-1/2"]
[WhiteElo "2445"]
[BlackElo "2304"]
[Annotator "TA"]
[PlyCount "85"]
[EventDate "2019.01.25"]
[EventType "swiss"]
[EventCountry "POR"]
[SourceTitle "playchess.com"]
[Source "ChessBase"]
[SourceQuality "1"]

{[%evp 9,85,29,29,26,34,34,37,37,35,13,30,0,15,5,20,0,0,4,25,20,18,6,18,14,21,0,7,0,0,0,6,27,17,4,9,6,33,26,29,26,25,26,29,12,15,14,38,0,0,0,0,0,0,0,2,0,22,0,11,0,48,40,37,9,6,9,8,8,0,0,0,0,0,0,0,0,0,0]} 1. d4 d5 2. c4 e6 3. Nf3 a6 4. cxd5 exd5 5. Nc3 Nf6 6. Bg5 {D37: Queen's Gambit Declined: 5 Bf4} Be6 7. e3 Nbd7 8. Bd3 {White is slightly better.} Bd6 9. Qc2 (9. O-O c6 10. Qc2 Qc7 11. Rfe1 O-O 12. a3 Bg4 13. Bh4 Bh5 {0-1 (35) Mamedyarov,S (2817)-Maghsoodloo,P (2688) St Petersburg 2018}) 9... c6 10. Bh4 Qc7 11. Bg3 Bg4 12. O-O-O $146 ({Predecessor:} 12. Nh4 Bxg3 13. hxg3 g6 {½-½ (30) Ning,K (2176)-Ni,S (2444) Xinghua 2018}) 12... O-O 13. Kb1 Bh5 14. Bf5 Rfe8 15. Rc1 Rad8 16. Bxd6 Qxd6 17. Rhg1 Bg4 18. Bxg4 Nxg4 19. h3 Ngf6 20. g4 Qe6 21. Nd2 Rc8 22. Ne2 Ne4 (22... Nf8 {seems wilder.} 23. Nf4 Qd6 24. g5 N6d7 25. h4 Ng6) 23. Nxe4 Qxe4 24. Qxe4 Rxe4 25. Nf4 Ree8 26. Rc3 Nf6 27. f3 Rcd8 28. Rd1 Re7 29. Kc2 Ne8 30. Kd3 Nd6 31. b3 g6 32. Rc2 Kg7 33. Re1 Rde8 34. a4 f5 35. g5 Nf7 36. Rg2 Nd8 {The position is equal.} 37. Kd2 Ne6 38. Nxe6+ Rxe6 39. f4 Re4 40. Rge2 h6 {Black wants to play ...hxg5.} 41. gxh6+ Kxh6 42. b4 {[#]} a5 $1 {[%mdl 512]} 43. bxa5 {Accuracy: White = 64%, Black = 51%.} 1/2-1/2

[Event "Portugal Open 2019"]
[Site "Lisbon"]
[Date "2019.02.08"]
[Round "8.15"]
[White "Napoli, Nicolo"]
[Black "Korley, Kassa"]
[Result "1/2-1/2"]
[WhiteElo "2316"]
[BlackElo "2426"]
[Annotator "TA"]
[PlyCount "150"]
[EventDate "2019.01.25"]
[EventType "swiss"]
[EventCountry "POR"]
[SourceTitle "playchess.com"]
[Source "ChessBase"]
[SourceQuality "1"]

{[%evp 21,150,25,48,36,18,1,31,-12,5,0,0,0,6,-25,-12,-31,-28,-28,-36,-193,-39,-62,-56,-142,-119,-83,-87,-57,-25,-47,-33,-57,-46,-47,-28,-36,-12,-55,-27,-28,-11,-26,-20,-26,0,-7,0,0,0,0,0,4,14,6,12,0,7,0,10,0,0,0,12,0,40,0,0,-13,0,-12,0,0,0,-61,-50,-162,-78,-107,-64,-63,-60,-56,0,-465,-441,-803,-769,-615,0,0,0,0,0,0,0,0,0,0,0,0,0,0,0,0,0,0,0,0,66,38,347,0,0,0,0,0,0,0,0,0,0,0,0,0,11,0,0,0,38,0,0]} 1. d4 e6 2. c4 Nf6 3. Nf3 d5 4. g3 Be7 5. Bg2 O-O 6. O-O c6 7. Qc2 Nbd7 8. Nbd2 {[%cal Bb1d2,Bd2f1,Bf1e3,Be3f5][%mdl 32]} b6 9. Rd1 Bb7 10. e4 c5 11. cxd5 exd5 12. e5 {E08: Closed Catalan: Main Line: 7 Qc2} Ne8 13. Nf1 cxd4 {[#]} 14. Rxd4 $146 {White is slightly better.} ({Predecessor:} 14. Qe2 Nc7 15. Nxd4 Ba6 16. Qe1 Nc5 17. Qe3 Bb7 18. b3 Re8 19. Bb2 f6 20. exf6 Bxf6 {1-0 (66) Damljanovic,B (2544)-Nikcevic,N (2458) Cetinje 2013}) 14... Rc8 15. Qd1 Nc7 16. Ne3 Ne6 17. Ra4 a5 $36 {[%mdl 2048] Black has some pressure.} 18. Nf5 g6 19. Nh6+ Kh8 20. Bh3 $2 {[#]} ({White should try} 20. Rg4 $15) 20... Ndc5 $2 (20... d4 $1 $19 {[%mdl 512]} 21. Ne1 (21. Nxd4 Ndc5) 21... Ndc5) 21. Nd4 $15 {Black should prevent Nxf7+!} Qe8 22. Nxe6 (22. Ra3 $15) 22... fxe6 23. Rd4 Ne4 24. f3 Ng5 (24... Rc4 {seems wilder.} 25. Be3 Ng5 26. Bg2 Bc5 27. Ng4 Qb5) 25. Bg2 Nf7 26. Nxf7+ Rxf7 27. Kh1 Ba6 28. Bh6 Bf8 29. Qd2 Bxh6 (29... Bb4 {with more complications.} 30. Qd1 Rf5 31. g4 Rf7 32. a3 Bf8) 30. Qxh6 Qf8 31. Qe3 Rc2 32. Rd2 Rc6 33. Rad1 Kg7 34. h4 Rf5 35. f4 Rf7 36. Kh2 Qc5 37. Rd4 Qe7 38. R4d2 Rc5 39. Rd4 Rf8 40. Qf3 Rc2 {Strongly threatening ...Be2.} 41. R1d2 Qc5 42. Qg4 Rf5 43. Kh3 Rc1 44. Rd1 h5 45. Qf3 Rc2 {aiming for ...Be2.} 46. R1d2 Rf7 47. Qb3 (47. Kh2 $11) 47... Rc1 48. Rd1 (48. Qe3 $15) 48... Rxd1 (48... Bc4 $1 $19 {[%cal Rc4b3] has better winning chances.} 49. Qa4 Be2) 49. Rxd1 Be2 50. Rd2 Bg4+ 51. Kh2 Rc7 (51... Bf5 $1 $15) 52. Bf3 $2 {[%mdl 8192]} (52. Rd3 $1 $11) 52... Qc1 $19 53. Rf2 {[#]} (53. Rg2 $142 Qf1 54. Be2 Bxe2 55. Qxb6) 53... Qe1 $1 {[%cal Re1f2]} 54. Re2 Qb1 $2 (54... Qf1 $19 {( -> ...Rc1)} 55. Bxg4 hxg4) 55. Qxb6 $11 (55. Bxg4 $2 hxg4 56. Qa3 (56. Qxb6 $2 Rc1 $19) 56... Rc5 $19) 55... Bxf3 {[%csl Gf3][%cal Rb1h1]} 56. Qxc7+ {[%mdl 4096] Endgame KQR-KQB} Kh6 {[%csl Gf3][%cal Rb1h1]} 57. Rg2 $1 Qf1 {[%csl Gf3][%cal Rf1g2]} 58. Qc2 {Hoping for Rg1.} Bxg2 59. Qxg2 {KQ-KQ} Qd1 60. Qg1 Qd2+ 61. Qg2 Qd3 62. g4 Qe3 63. Qg3 Qe2+ 64. Kh3 Kg7 (64... hxg4+ $11 65. Qxg4 Qf1+ 66. Kh2 Qf2+ 67. Kh3 Qf1+ 68. Kh2 Qf2+ 69. Kh3 Qf1+) 65. gxh5 $14 Qxh5 $2 {[%mdl 8192] [#]} (65... Qf1+ $14 66. Qg2 Qd3+ 67. Kh2 d4) 66. Qa3 $2 ({White must play} 66. Qg4 $1 $18 Qh6 67. b3 (67. Qxe6 Qxf4 68. Qxd5 Qe3+ 69. Kg4 Qe2+ 70. Kg3 Qe3+ 71. Kg4 Qe2+ 72. Kg3 Qe3+ 73. Kg4 $16)) 66... Qf5+ $11 67. Kg3 Kh6 68. Qe3 Kh5 69. Qf3+ Kh6 70. Qe3 a4 71. b3 axb3 72. axb3 Kh5 73. Qe2+ Kh6 74. Qe3 Kh5 75. Qe2+ Kh6 {Accuracy: White = 40%, Black = 40%.} 1/2-1/2

[Event "Portugal Open 2019"]
[Site "Lisbon"]
[Date "2019.02.08"]
[Round "8.16"]
[White "Thorhallsson, Throstur"]
[Black "Kowalski, Igor"]
[Result "1-0"]
[WhiteElo "2425"]
[BlackElo "2296"]
[Annotator "TA"]
[PlyCount "158"]
[EventDate "2019.01.25"]
[EventType "swiss"]
[EventCountry "POR"]
[SourceTitle "playchess.com"]
[Source "ChessBase"]
[SourceQuality "1"]

{[%evp 9,158,15,29,0,0,-31,6,-3,13,14,31,20,24,16,61,66,71,41,51,34,133,0,105,98,117,120,135,137,118,99,77,83,196,19,746,727,794,792,781,782,770,749,716,337,791,777,790,769,1011,843,1004,943,850,355,349,313,572,552,662,672,651,682,648,561,556,551,550,462,626,441,434,252,255,251,251,251,254,244,246,247,235,208,211,214,208,210,251,243,260,236,254,235,251,251,251,251,251,242,252,234,325,320,281,251,563,536,515,495,472,428,29955,168,168,154,154,0,168,0,1657,1657,29973,29975,29973,29961,29961,29966,29965,29967,29964,29968,29967,29968,29966,29968,29970,29970,29968,29965,29974,29974,29974,29975,29978,29979,29979,29980,29979,29981,29981,29982,29987]} 1. e4 e5 2. Nf3 Nc6 3. Bc4 Bc5 4. c3 Nf6 5. d3 O-O 6. Bb3 {C54: Giuoco Piano: 4 c3 Nf6, main lines with 5 d4 and 5 d3} (6. O-O d6 7. Re1 h6 8. Nbd2 a6 9. a4 a5 10. Nf1 Be6 11. b3 d5 12. exd5 Nxd5 13. Bd2 Bd6 14. Ng3 Re8 15. Qc2 {½-½ (145) Anand,V (2773)-So,W (2765) Kolkata 2018}) 6... d5 7. Qe2 Be6 8. Bg5 {The position is equal.} dxe4 9. dxe4 h6 10. Bh4 Bxb3 11. axb3 g5 $146 ({Predecessor:} 11... Qe7 12. b4 Bd6 {½-½ (42) Satyapragyan,S (2395)-Arun,K (2226) New Delhi 2007}) 12. Bg3 Qe7 13. Nbd2 Qe6 14. Nc4 Nxe4 (14... a5 $14) 15. b4 (15. Qxe4 $16 {Black must now prevent 0-0-0.} f5 16. Qe2) 15... Nxg3 (15... Nd6 $1 $11 {keeps the balance.}) 16. hxg3 $16 Be7 17. b5 $36 {[%mdl 2048] White has strong initiative.} (17. Nfxe5 Nxe5 18. Nxe5 (18. Qxe5 $2 Qxc4 19. O-O-O Qe6 $19) 18... Rfe8 $15) (17. Ncxe5 g4 $15) 17... Nd8 18. Nfxe5 Re8 19. O-O-O a6 20. b6 $1 {[%cal Rb6c7]} cxb6 (20... Nc6 $16) 21. f4 $2 (21. Qh5 $1 $18) 21... b5 $2 {[%mdl 8192] [#]} (21... Nc6 $11) 22. f5 $1 $18 {[%cal Rf5e6][%mdl 512]} Qxf5 23. Ng4 $1 {[%cal Rg4h6]} Qe6 24. Nxh6+ Kf8 25. Qh5 Bf6 {[#]} 26. Nd6 (26. Nb6 $142 $1 {[%mdl 512]} Re7 (26... Qxb6 27. Nf5) 27. Ng4) 26... Qe3+ $2 (26... Bxc3 27. Qxg5 (27. bxc3 Qb3 $11) (27. Nxe8 Bxb2+ {[%mdl 64] Decoy} 28. Kxb2 Qe5+ 29. Kb3 Qe6+ 30. Kb2 Qe5+ 31. Kb3 Qe6+ 32. Ka3 Qe3+ 33. Kb2 Qe5+ $11) 27... Bg7) 27. Kb1 Qe2 28. Ng4 Bg7 29. Nxe8 Qe4+ 30. Kc1 Qxe8 31. Qxg5 (31. Qh7 $142 {aiming for Nh6.} Qe6 32. Nh6 {[%mdl 64] Overworked Piece} Bxh6 33. Qh8+ Ke7 34. Rhe1 (34. Qxh6 Qxh6 35. Rxh6 Ne6 $18)) 31... Ne6 32. Qf5 b4 $2 (32... Rd8 {was necessary.} 33. Rdf1 Qe7) 33. Ne5 bxc3 34. Nd7+ Ke7 35. Rhe1 {White wants to mate with Qc5+.} Qh8 36. Nc5 Qh6+ 37. Kb1 {Rd7+ would kill now.} Qf6 38. Rd7+ Ke8 39. Qxf6 Bxf6 40. Rxb7 (40. Rc7 $142 Bd8 41. Nxe6 fxe6 42. Rxe6+ Kf8 43. Rxb7) 40... c2+ 41. Kxc2 Rc8 42. b4 Be7 43. Kd3 Bxc5 44. bxc5 Rxc5 {[%mdl 4096] Endgame KRR-KRN} 45. Rf1 Rg5 {Threatens to win with ...Nc5+.} 46. Rb8+ Ke7 47. Rf3 Rd5+ 48. Ke3 Nc5 49. Rc8 Nd7 50. Kf4 Rd4+ 51. Kg5 Rd5+ 52. Kh4 Ne5 53. Ra3 Rd4+ 54. Kg5 Rd6 55. Ra8 Rd2 56. Kf5 f6 $2 (56... Nc4 {is a better chance.}) 57. Ra7+ Nd7 58. R3xa6 Rf2+ 59. Kg4 Rxg2 {[#]} (59... Rd2 $18 60. Ra2 Rd4+ 61. Kf5 Rd5+ 62. Kf4 Kf7) 60. Ra3 $2 (60. Ra2 $1 {mates} Rxa2 61. Rxa2 Ne5+ 62. Kf5 Nc6 63. Ra6 Nd4+ 64. Kg6 f5 65. Ra4) 60... Ke6 61. R7a6+ Kf7 62. Ra7 Ke6 $1 63. R3a6+ $2 (63. Kf4 Rd2 64. R3a6+ Ke7 65. Rc6) 63... Ke7 64. Ra2 Rxa2 65. Rxa2 {KR-KN. White mates.} Ke6 66. Re2+ Kf7 67. Kf5 Nf8 68. Ra2 Ng6 69. Ra7+ Ne7+ 70. Kg4 Ke6 71. Kh5 Nf5 72. g4 Ne3 73. Ra1 Kf7 74. Ra4 Nd5 75. Kh6 Ke6 76. Kg7 f5 77. g5 f4 78. g6 f3 79. Ra3 Nb6 {Accuracy: White = 54%, Black = 35%.} 1-0

[Event "Portugal Open 2019"]
[Site "Lisbon"]
[Date "2019.02.08"]
[Round "8.17"]
[White "Rajesh, V A V"]
[Black "Sorensen, Hampus"]
[Result "1-0"]
[WhiteElo "2406"]
[BlackElo "2289"]
[Annotator "RC"]
[PlyCount "73"]
[EventDate "2019.01.25"]
[EventType "swiss"]
[EventCountry "POR"]
[SourceTitle "playchess.com"]
[Source "ChessBase"]
[SourceQuality "1"]
[TimeControl "5400+30"]

1. d4 {[%emt 0:00:06]} d5 {[%emt 0:00:04]} 2. c4 {[%emt 0:00:07]} c6 {[%emt 0:00:35]} 3. Nf3 {[%emt 0:00:06]} Nf6 {[%emt 0:00:47]} 4. e3 {[%emt 0:00:39]} e6 {[%emt 0:00:22]} 5. Bd3 {[%emt 0:00:28]} dxc4 {[%emt 0:01:45]} 6. Bxc4 {[%emt 0:00:05]} c5 {[%emt 0:00:55]} 7. O-O {[%emt 0:01:55]} a6 {[%emt 0:01:11]} 8. Qe2 {[%emt 0:01:42]} cxd4 {[%emt 0:02:18]} 9. exd4 {[%emt 0:07:21]} Be7 {[%emt 0:02:10]} 10. a4 {[%emt 0:01:00]} Nc6 {[%emt 0:00:45]} 11. Rd1 {[%emt 0:00:06]} O-O {[%emt 0:01:01]} 12. Nc3 {[%emt 0:00:05]} Nb4 {[%emt 0:06:35]} 13. Bg5 {[%emt 0:03:40]} Nbd5 {[%emt 0:10:16]} 14. Ne5 {[%emt 0:01:42]} Re8 {[%emt 0:22:51]} 15. Qf3 {[%emt 0:03:41]} Rf8 {[%emt 0:03:21]} 16. Bh4 {[%emt 0:10:12]} Nxc3 {[%emt 0:18:23]} 17. bxc3 {[%emt 0:00:09]} Nd7 {[%emt 0:01:26]} 18. Nxd7 {[%emt 0:04:47]} Qxd7 {[%emt 0:01:06]} 19. Bg3 {[%emt 0:00:18]} Bd6 {[%emt 0:01:41]} 20. Bd3 {[%emt 0:02:00]} Bxg3 {[%emt 0:03:31]} 21. hxg3 {[%emt 0:00:06]} g6 {[%emt 0:00:47]} 22. g4 {[%emt 0:00:45]} h6 {[%emt 0:01:41]} 23. Be4 {[%emt 0:00:43]} Kg7 {[%emt 0:01:26]} 24. Rdb1 {[%emt 0:00:24]} Qc7 {[%emt 0:02:56]} 25. a5 {[%emt 0:05:57]} Rb8 {[%emt 0:00:59]} 26. Rb6 {[%emt 0:00:09]} Rd8 {[%emt 0:06:34]} 27. Rab1 {[%emt 0:04:16]} Rd7 {[%emt 0:00:30]} 28. R1b4 {[%emt 0:04:47]} Re7 {[%emt 0:03:04]} 29. c4 {[%emt 0:00:59]} f5 {[%emt 0:02:12]} 30. Bd3 {[%emt 0:00:57]} Bd7 {[%emt 0:00:38]} 31. Rxb7 {[%emt 0:01:31]} Rxb7 {[%emt 0:00:08]} 32. Rxb7 {[%emt 0:00:06]} Qxa5 {[%emt 0:00:30]} 33. Qe3 {[%emt 0:00:12]} Kf7 {[%emt 0:00:54]} 34. c5 {[%emt 0:00:35]} Qa3 {[%emt 0:02:27]} 35. gxf5 {[%emt 0:00:21]} exf5 {[%emt 0:00:46]} 36. Bc4+ {[%emt 0:00:05]} Kf6 {[%emt 0:00:38]} 37. Qxa3 {[%emt 0:00:06]} 1-0

[Event "Portugal Open 2019"]
[Site "Lisbon"]
[Date "2019.02.08"]
[Round "8.18"]
[White "Palozza, Christian"]
[Black "Haug, Johannes"]
[Result "0-1"]
[WhiteElo "2237"]
[BlackElo "2403"]
[Annotator "TA"]
[PlyCount "76"]
[EventDate "2019.01.25"]
[EventType "swiss"]
[EventCountry "POR"]
[SourceTitle "playchess.com"]
[Source "ChessBase"]
[SourceQuality "1"]

{[%evp 14,76,27,24,29,17,21,4,12,-9,-13,-13,-18,-18,-12,-47,-29,-39,-37,-70,-81,-91,-103,-129,-125,-171,-89,-159,-146,-252,-248,-430,-414,-446,-356,-335,-338,-601,-596,-593,-593,-564,-586,-593,-593,-593,-593,-773,-773,-773,-760,-948,-652,-977,-651,-555,-555,-29979,-29980,-29980,-29981,-29980,-29974,-29975,-29974]} 1. d4 Nf6 2. c4 e6 3. Nf3 Bb4+ 4. Bd2 a5 5. g3 O-O 6. Bg2 d5 7. Qc2 c6 8. O-O Be7 {E11: Bogo-Indian} 9. Rd1 Nbd7 10. Bg5 (10. b3 Ne4 11. Nc3 Nxd2 12. Nxd2 f5 13. e3 g5 14. a3 h5 15. Kf1 Kg7 16. Ke2 Bd6 17. h4 {0-1 (43) Flores Rios,M (2529)-Ding,L (2813) chess.com INT 2019}) 10... b5 {The position is equal.} 11. b3 Ba6 {[%cal Rb5c4]} 12. Nbd2 bxc4 $146 ({Predecessor:} 12... Rc8 13. c5 Ne8 14. Bxe7 Qxe7 15. e4 Nc7 {1-0 (42) Sabuk,P (2376)-Miroslaw,M (2270) Poronin 2017}) 13. bxc4 Rc8 14. Bxf6 Nxf6 15. Qa4 c5 16. Rac1 cxd4 17. Nxd4 Bb4 18. N4f3 Qe7 19. Bf1 Nd7 (19... dxc4 $19 {And now ...c3 would win.} 20. e4 Bb7 21. Rxc4 Rxc4 22. Bxc4 Nxe4 23. Nxe4 Bxe4) 20. e3 (20. Qb3 $142) 20... Nb6 $36 {[%mdl 2048] Black is on the roll.} 21. Qb3 {[#]} (21. Qc2 $17 {was called for.}) 21... dxc4 $1 $19 22. Bxc4 $2 (22. Qb1 {is a better defense.}) 22... a4 23. Qd3 Bxd2 24. Nxd2 Rfd8 25. Bxa6 $2 (25. Qf1 Nxc4 26. Nxc4) 25... Rxc1 ({Less strong is} 25... Rxd3 26. Rxc8+ Nxc8 27. Bxd3 $17) 26. Rxc1 Rxd3 27. Bxd3 Qa3 $1 {[%csl LRa2,LRc1,LRd3][%mdl 64] [#] Double Attack} 28. Rc6 Qxd3 29. Rxb6 {[%mdl 4096] Endgame Threatening mate with Rb8+. KQ-KRN} g5 30. Rb2 a3 31. Rb8+ Kg7 32. Nb1 Qd1+ 33. Kg2 Qd5+ {[%mdl 64] Double Attack} 34. Kg1 Qxa2 {aiming for ...Qa1.} 35. h3 Qa1 {Black mates.} 36. Kg2 a2 37. Nd2 Qd1 38. Nb3 Qd6 {Accuracy: White = 22%, Black = 86%.} 0-1

[Event "Portugal Open 2019"]
[Site "Lisbon"]
[Date "2019.02.08"]
[Round "8.19"]
[White "Sukandar, Irine Kharisma"]
[Black "Ranaldi, Lucas"]
[Result "1/2-1/2"]
[WhiteElo "2397"]
[BlackElo "2229"]
[Annotator "TA"]
[PlyCount "146"]
[EventDate "2019.01.25"]
[EventType "swiss"]
[EventCountry "POR"]
[SourceTitle "playchess.com"]
[Source "ChessBase"]
[SourceQuality "1"]

{[%evp 9,146,-4,17,19,20,8,33,-4,-13,-22,10,15,15,0,0,0,0,0,4,10,10,10,15,8,21,20,24,14,21,4,29,29,37,37,32,29,34,28,34,0,12,12,8,14,44,12,4,-64,46,46,46,39,56,56,56,56,92,56,71,56,56,56,56,56,56,56,56,56,56,56,56,49,56,56,55,49,55,49,49,49,49,49,49,46,49,49,49,46,52,48,42,-48,-52,-28,29,29,29,29,29,29,29,15,16,0,39,29,29,0,40,0,29,10,31,30,32,-2,-5,-19,-19,-19,-19,-19,-24,-24,-12,-12,-12,-16,-8,-8,0,0,0,-16,0,0,0,0,0]} 1. d4 Nf6 2. Bf4 d5 3. e3 c5 4. c3 Nc6 5. Nd2 cxd4 (5... Qb6 6. Qb3 Nh5 7. Qxb6 axb6 8. Bc7 cxd4 9. exd4 e5 10. Bxe5 Nxe5 11. dxe5 Bc5 12. g3 O-O {1-0 (76) Aronian,L (2765)-Caruana,F (2832) London 2018}) 6. exd4 {D00: 1 d4 d5: Unusual lines} Bf5 7. Ngf3 e6 8. Ne5 {White is slightly better.} Bd6 9. Bb5 Bxe5 (9... Qc7 {with more complications.} 10. O-O O-O 11. Re1 Ng4 12. Qe2 Ngxe5 13. dxe5 Be7) 10. Bxe5 O-O 11. Bxc6 $146 ({Predecessor:} 11. O-O Nxe5 12. dxe5 Nd7 13. Bxd7 Qxd7 14. Nb3 Qe7 {1-0 (35) Ivekovic,J (2085)-Jerkovic,M (1756) Sv Filip i Jakov 2009}) 11... bxc6 12. O-O Nd7 13. Re1 Qb6 14. Bd6 Rfc8 15. b4 a5 16. Nb3 a4 17. Nd2 Qb5 18. Re3 Nb6 19. Rg3 f6 20. h4 Nc4 21. Nxc4 Qxc4 22. h5 h6 23. Qd2 Kh7 24. Re1 Rd8 25. Bf4 Re8 26. a3 Rad8 27. Bc7 (27. Bxh6 $5 gxh6 28. Qf4 $14) 27... Rd7 28. Qf4 ({White should play} 28. Bb6 $11) 28... Kg8 (28... Qa2 $15 29. b5 cxb5) 29. Bb6 $14 Kf7 30. Bc5 $36 {[%mdl 2048] White has good play.} Qb5 31. Rge3 Qb8 32. Qf3 Be4 33. Qe2 Rdd8 34. Qg4 {Rg3 is the strong threat.} Bf5 35. Qd1 Qb5 36. f3 Qa6 37. R1e2 Ra8 38. Qe1 Bd3 39. Rd2 Bh7 40. Qg3 Qb7 41. Rde2 Qd7 42. Kf2 Bf5 43. Ke1 Bh7 44. Kd2 Bf5 45. Qf4 Bh7 46. g4 Kg8 47. Qg3 Kf7 48. Re1 Qb7 49. Qd6 {[%cal Re3e6]} Rad8 50. Rxe6 (50. Qh2 $14) 50... Rxd6 $15 51. Rxe8 Qd7 (51... Be4 $142 $1 52. Bxd6 Kxe8 53. fxe4 Kd7) 52. Ra8 $11 f5 $1 53. Ra7 {[#]} Qxa7 $1 {[%mdl 512]} 54. Bxa7 fxg4 55. fxg4 {[%mdl 4096] Endgame KRB-KRB} Rf6 56. Bc5 {And now Re7+ would win.} Rf2+ 57. Ke3 Rf6 $1 58. Kd2 {Black must now prevent Re7+.} Rf2+ 59. Ke3 Rf6 $1 60. Rg1 Re6+ 61. Kd2 Rf6 62. Rg2 Be4 63. Rg1 Rf2+ 64. Ke1 Rf3 65. b5 cxb5 66. Bb4 g5 67. hxg6+ {The position is equal.} Kxg6 68. Ke2 Rh3 69. Kf2 Kg5 70. Be7+ Kg6 71. Rg3 Rxg3 72. Kxg3 h5 73. gxh5+ Kxh5 {Accuracy: White = 57%, Black = 56%.} 1/2-1/2